000 00694nam a2200217Ii 4500
003 JO-AjNU
008 230605s9999||||xx |||||||||||||| ||und||
017 _a2004/7/1756
040 _aJO-AjNU
_bara
_erda
_cJO-AjNU
041 _aara
050 1 4 _aPJ7862 2004
100 3 _aتأليف البتيري، علي,
_eauthor
_948632
245 0 0 _aشبابيك أتعبها الإنتظار: شعر
250 _aط1
264 3 1 _aعمان:وزارة الثقافة،2004
300 _a157ص
336 _atext
_btxt
_2rdacontent
337 _aunmediated
_bn
_2rdamedia
338 _avolume
_bnc
_2rdacarrier
650 4 _aالشعر العربي - العصر الحديث - الأردن
_948633
999 _aA21311
_c24879
_d24879